Código de justicia administrativa / edición preparada y anotada por Ramón Entrena Cuesta
ISBN:
84-86144-18-3
Descripción Física:
516 p. ; 16 cm
Colección:
Cídigos Trivium ; 4
Otros Autores:
Entrena Cuesta, Ramón
MARC
| LEADER | 00000nam a2200000 a 4500 | ||
|---|---|---|---|
| 001 | 20060 | ||
| 003 | AGDB | ||
| 005 | 20260324180050.0 | ||
| 008 | 160829s1983 xx 000 0 cat d | ||
| 020 | |a 84-86144-18-3 | ||
| 080 | |a D-4-4 | ||
| 100 | |a Espanya. Lleis, etc. |9 23269 | ||
| 245 | |a Código de justicia administrativa / edición preparada y anotada por Ramón Entrena Cuesta | ||
| 260 | |a Madrid : |b Trivium, |c 1983 | ||
| 300 | |a 516 p. ; |c 16 cm | ||
| 490 | |a Cídigos Trivium ; 4 | ||
| 650 | |a Dret administratiu |x Legislació |x Espanya |9 25686 | ||
| 650 | 0 | |a Procediment administratiu |z Espanya |9 19587 | |
| 700 | 1 | |a Entrena Cuesta, Ramón |9 45225 | |
| 901 | |a Arxiu | ||
| 942 | |n 1 |2 udc |c ARXIU | ||
| 952 | |0 1 |1 0 |2 udc |4 0 |5 2 |6 D44 |7 1 |9 52456 |a Arxiu |b Arxiu |d 2016-12-01 |l 0 |o D-4-4 |p 20060 |r 2016-12-01 00:00:00 |w 2016-12-01 |y ARXIU | ||
| 999 | |c 56304 |d 56304 | ||